00881cam a22002531 4500001001300000003000400013005001700017008004100034010001700075035001900092040002700111042001200138050002300150100002700173245007600200260006900276300002500345490007800370500002000448650003500468650002100503810008600524999001700610gs 63000075 DLC20260227111412.0780509s1962 xx s000 0 eng  ags 63000075  a(OCoLC)3878327 aDLCcMeU-PdMeU-PdDLC apremarc00aQE193b.A3 no. 1031 aFaessler, Carl,d1895-10aAnalyses of rocks of the Province of Quebec /ccompiled by C. Faessler. aQuebec :bProvince of Quebec, Dept. of Natural Resources,c1962. aiv, 251 p. ;c24 cm.1 aQuébec (Province). Dept. of Natural Resources. Geological report ;v103 aIncludes index. 0aPetrologyzQuébec (Province) 0aRocksxAnalysis.10aQuébec (Province).bDepartment of Natural Resources.tGeological report ;v103. c29677d29677